000 00550nam a2200193Ia 4500
005 20250508150726.0
008 008 250505s9999 xx 000 0 hin d
037 _aTextual
040 _aFEDL
_beng
_cFEDL
041 _ahin
_2hin
084 _a370.947, VIR
_qFEDL
100 _aVirender Kumar Tr.
245 0 _aSoviet shiksha-pranali : Ek suchak addhyan
260 _aBombay, India
_bBora and Company Publishers Limited
300 _a62p.
650 _aEducation
942 _cTEXL
_h370.947, VIR
999 _c1325297
_d1325297